01555nam a22002897a 45000010005000000030006000050050017000110080041000280200018000690400029000870820010001161000019001262450032001452600041001773000049002184900045002675050008003125200665003205210029009855210020010146500025010346500023010596500026010829420015011089990015011239520127011389816FISKH20260226162326.0260226b cb ||||| |||| 00| 0 eng d a9780618599141 aFISKHbengcFISKHdFISKH a636.8 aCroft , Magda  aThe cat / cby Magda Croft  aBoston : bHoughton Mifflin ,c2006. a8 pages : bcolor illustrations ; c20 cm .  aHoughton Mifflin Science Leveled Readers aD  aThe Cat (Houghton Mifflin Science Leveled Reader) is a very short nonfiction reader about cats aimed at beginning readers. The text likely introduces basic facts about cats — what they are, how they look, what they do, and how they behave — using simple language and illustrations to support early reading and basic science vocabulary. Because this is a science leveled reader, the book probably focuses on real feline characteristics (e.g., senses, movement, habitat, behavior) rather than a fictional story. Beginning readers in early elementary grades use such science readers to practice decoding while learning essential facts about common animals.8 a160 bLexile estimate 8 aD bRaz-Plus  aSciencevNon-fiction aFree vNon-fiction aAnimals vNon-fiction 2ddccBKn0 c9816d9816 00102ddc40708NFICa002b002cTTP Dark Greend2026-02-26l0oCRO 636.8pFISBK04269r2026-02-26 16:08:05w2026-02-26yBK